Manual de procedimientos técnicos para archivos históricos de universidades e instituciones de educación superior
Saved in:
| Main Authors: | , , , , |
|---|---|
| Corporate Authors: | , |
| Format: | Bog |
| Sprog: | spansk |
| Udgivet: |
Puebla
Litografía Magno Graf, S. A
2002
|
| Udgivelse: | 1a. ed |
| Fag: | |
| Online adgang: | portada |
| Tags: |
Tilføj Tag
Ingen Tags, Vær først til at tagge denne postø!
|
MARC
| LEADER | 00000nam a2200000 a 4500 | ||
|---|---|---|---|
| 001 | UCJ8846 | ||
| 003 | CL-VaPUC | ||
| 008 | 070124e20020125MX |||||||||||||||||spa|d | ||
| 020 | |a 9688635413 | ||
| 082 | 0 | 4 | |a 025 |b VIL |2 21 |
| 100 | 0 | |a Villanueva Bazán, gustavo |e author |9 518302 | |
| 700 | 0 | |a Flores Padilla, Georgina |e author |9 518303 | |
| 700 | 0 | |a Montores Martínez, Roberto |e author |9 518304 | |
| 700 | 0 | |a Ochoa Esquivel, Martha A |e author |9 518305 | |
| 700 | 0 | |a Torres Monroy, Luis |e author |9 518306 | |
| 110 | 2 | |a Archivo Histórico de la Benemérita Universidad Autónoma de Puebla |e author |9 518307 | |
| 710 | 2 | |a Archivo Histórico de Universidad Autónoma de México |e author |9 518308 | |
| 245 | 1 | 0 | |a Manual de procedimientos técnicos para archivos históricos de universidades e instituciones de educación superior |
| 250 | |a 1a. ed | ||
| 300 | |a 142 p | ||
| 942 | |c BK | ||
| 945 | |d 20070124 00:00:00 |a fvergara | ||
| 260 | |a Puebla |b Litografía Magno Graf, S. A |c 2002 | ||
| 650 | 0 | |a Archivística |9 490081 | |
| 650 | 7 | |a CONSERVACION |2 CL-VaPUC |9 259519 | |
| 650 | 7 | |a RESTAURACION |2 CL-VaPUC |9 411453 | |
| 650 | 7 | |a DESCRIPCION |2 CL-VaPUC |9 329672 | |
| 650 | 0 | |a Normalización |9 262666 | |
| 650 | 7 | |a REPROGRAFIA |2 CL-VaPUC |9 518274 | |
| 650 | 7 | |a DIFUSION |2 CL-VaPUC |9 262085 | |
| 650 | 0 | |a Automatización |9 299909 | |
| 650 | 0 | |a Gestión |9 260993 | |
| 650 | 7 | |a PLANIFICACION |2 CL-VaPUC |9 260802 | |
| 856 | 7 | |f UCJ8846_01.jpg |u http://opac.pucv.cl/pucv_img/Img-8500/UCJ8846_01.jpg |q JEPG |2 file |z portada | |
| 583 | |a last modification |c 20070124 00:00:00 |k Rodrigo Vera | ||
| 999 | |c 324495 |d 324493 | ||
| 952 | |0 0 |1 0 |4 0 |6 025_000000000000000_VIL_2002 |7 0 |8 X |9 404717 |a FDOBUD |b FDOBUD |d 2019-11-22 |i 1084860 |o 025 VIL 2002 |p 1084860 |r 2019-11-22 |w 2019-11-22 |y BK_X |k BUD | ||